[Event "10th Ducale Open"]
[Site "Genova ITA"]
[Date "2002.11.30"]
[Round "8"]
[White "Massa,G"]
[Black "Stroppa,D"]
[Result "0-1"]
[WhiteElo "2096"]
[BlackElo "2274"]

1.e4 d6 2.d4 g6 3.Nc3 Bg7 4.f4 a6 5.Be3 b5 6.a3 Bb7 7.Nf3 Nd7 8.Bd3 c5 9.d5 Ngf6
10.h3 O-O 11.O-O Qc7 12.Re1 c4 13.Bf1 e6 14.dxe6 fxe6 15.Bd4 e5 16.fxe5 dxe5
17.Bf2 Rad8 18.Qe2 Nc5 19.Bxc5 Qxc5+ 20.Qe3 Qxe3+ 21.Rxe3 Rfe8 22.a4 Bf8
23.Ree1 Bc5+ 24.Kh2 Bc6 25.axb5 axb5 26.Ra6 Rd6 27.Nd5 Bxd5 28.Rxd6 Bxd6
29.exd5 e4+  0-1

[Event "ch-ISR w"]
[Site "Tel Aviv ISR"]
[Date "2002.11.30"]
[Round "6"]
[White "Tsifanskaya,L"]
[Black "Borsuk,A"]
[Result "0-1"]
[WhiteElo "2242"]
[BlackElo "2255"]

1.e4 g6 2.d4 Bg7 3.Nc3 d6 4.Be3 c6 5.Qd2 b5 6.Nf3 Bb7 7.Bd3 Nd7 8.O-O a6
9.a4 b4 10.Ne2 c5 11.dxc5 dxc5 12.c3 bxc3 13.Nxc3 e6 14.Rfd1 Ngf6 15.h3 O-O
16.a5 Qc7 17.Na4 Rfd8 18.Qc2 Rac8 19.Nb6 Nxb6 20.axb6 Qxb6 21.b4 Qc6 22.bxc5 Nxe4
23.Bxe4 Rxd1+ 24.Rxd1 Qxe4 25.Qxe4 Bxe4 26.Rd7 h6 27.Ra7 Ra8 28.Rxa8+ Bxa8
29.Nd4 Kf8 30.f3 Ke7 31.Kf2 Kd7 32.Ke2 f5 33.Nc2 Bc6 34.Na3 e5 35.Bf2 Ke6
36.Kd2 e4 37.fxe4 Bxe4 38.g3 Kd5 39.Be3 g5 40.h4 gxh4 41.gxh4 h5 42.c6 Kxc6
43.Nc4 Kb5 44.Nd6+ Kb4 45.Ke2 a5 46.Bg5 Bd4 47.Bd2+ Bc3 48.Bg5 Bd4 49.Bd2+ Bc3
50.Bg5 Kc5 51.Be7 Kd5 52.Nb5 Be5 53.Bd8 a4 54.Ba5 Kc4 55.Na3+ Kb3 56.Nb5 a3  0-1

[Event "Baharov Mem"]
[Site "Borovec BUL"]
[Date "2002.12.01"]
[Round "1"]
[White "Besheva,S"]
[Black "Delchev,A"]
[Result "0-1"]
[WhiteElo "2142"]
[BlackElo "2560"]

1.e4 g6 2.d4 Bg7 3.Nc3 d6 4.Be3 c6 5.Qd2 b5 6.Bd3 Nd7 7.a4 b4 8.Nd1 a5 9.Ne2 e5
10.O-O Ngf6 11.f3 O-O 12.Nf2 Re8 13.Rad1 d5 14.dxe5 Nxe5 15.Ng3 dxe4 16.Ngxe4 Nxd3
17.cxd3 Nd5 18.Bc5 f5 19.Ng3 Qh4 20.Rfe1 Be6 21.Nf1 Bf7 22.Nh3 Bd4+ 23.Bxd4 Qxd4+
24.Qf2 Qxf2+ 25.Kxf2 Nb6 26.Rxe8+ Rxe8 27.Ra1 Rd8 28.Ke2 Bb3 29.Nd2 Bc2 30.Nf2 Nxa4
31.Nc4 Rd5 32.Ne3 Re5 33.f4 Re8 34.Kd2 Bb3 35.Nc4 Bxc4 36.Rxa4 Bd5 37.Nd1 Ra8
38.Ne3 Bb3 39.Ra1 a4 40.Nc4 Bxc4 41.dxc4 Kf7 42.Kc2 Ke6 43.Rd1 Ra5 44.g3 Rc5
45.Kd3 Kd6 46.Re1 Ra5 47.Kc2 a3 48.b3 a2 49.Kb2 a1=Q+  0-1

[Event "ch-ISR"]
[Site "Tel Aviv ISR"]
[Date "2002.12.01"]
[Round "7"]
[White "Bar,R"]
[Black "Finkel,A"]
[Result "1/2-1/2"]
[WhiteElo "2413"]
[BlackElo "2485"]

1.e4 g6 2.d4 Bg7 3.Nc3 d6 4.Be3 Nd7 5.Nf3 a6 6.a4 b6 7.Be2 Bb7 8.O-O e6 9.Nd2 Ne7
10.f4 d5 11.e5 c5 12.Nf3 O-O 13.Qd2 Nf5 14.Bf2 f6 15.exf6 Qxf6 16.Rad1 Rac8
17.Bd3 cxd4 18.Ne2 Ne3 19.Bxe3 dxe3 20.Qxe3 Rce8 21.c3 Bh6 22.Nfd4 Nc5 23.Qh3 Bg7
24.Bc2 Bc8 25.Qg3 Bd7 26.b3 Ne4 27.Bxe4 dxe4 28.Nc2 Qe7 29.Qe3 e5 30.Qxe4 Bf5
31.Qc4+ Be6 32.Qd3 Bxb3 33.fxe5 Qc5+ 34.Kh1 Rxf1+ 35.Rxf1 Bc4 36.Qd2 Qxe5
37.Re1 Bxe2 38.Nd4 Qe3 39.Qxe2 Qxe2 40.Rxe2 Rc8 41.g3 Rxc3 42.Ne6 Rc4 43.Nxg7 Kxg7
44.Re6 Rxa4 45.Rxb6 Ra2 46.Rb7+ Kh6 47.h4 a5 48.g4 a4 49.Ra7 a3 50.Kg1 g5
51.Ra6+ Kg7 52.hxg5 Kf7 53.Kf1 Ra1+ 54.Kg2 a2 55.Kh2 Ke7 56.Kg2 Kd7 57.Kh2 Kc7
58.Kg2 Kb7 59.Ra3 Kb6 60.Ra8 Kc5 61.Rc8+ Kd5 62.Ra8 Ke4 63.Ra4+ Ke3 64.Ra3+ Kf4
65.Ra4+ Kxg5 66.Ra5+ Kxg4 67.Ra4+ Kf5 68.Ra5+ Ke4  1/2-1/2

[Event "Baharov Mem"]
[Site "Borovec BUL"]
[Date "2002.12.02"]
[Round "2"]
[White "Nikolov,M"]
[Black "Spasov,V"]
[Result "1/2-1/2"]
[WhiteElo "2302"]
[BlackElo "2591"]

1.e4 g6 2.d4 Bg7 3.Nc3 d6 4.f4 Nf6 5.Nf3 O-O 6.Bd3 Na6 7.O-O c5 8.d5 Rb8
9.Qe2 Nc7 10.a4 a6 11.a5 Bg4 12.h3 Bxf3 13.Qxf3 b5 14.axb6 Rxb6 15.Nd1 Nd7
16.c3 e6 17.Ne3 exd5 18.exd5 Rb8  1/2-1/2

[Event "ch-ISR w"]
[Site "Tel Aviv ISR"]
[Date "2002.12.03"]
[Round "9"]
[White "Zatulovskaya,T"]
[Black "Borsuk,A"]
[Result "0-1"]
[WhiteElo "2219"]
[BlackElo "2255"]

1.e4 g6 2.d4 Bg7 3.Nc3 d6 4.Nf3 Nf6 5.Be2 c6 6.a4 O-O 7.O-O Nbd7 8.e5 Ne8
9.e6 fxe6 10.Ng5 Ndf6 11.Bd3 Bd7 12.Qe2 Nc7 13.Bd2 Qe8 14.Rae1 b6 15.h4 h6
16.Nh3 Nh5 17.Qe4 e5 18.Qxg6 Qxg6 19.Bxg6 Bxh3 20.Bxh5 exd4 21.Rxe7 dxc3
22.Bxc3 Bxc3 23.Rxc7 Bxb2 24.gxh3 Bd4 25.Kg2 c5 26.f4 a6 27.Bg6 b5 28.axb5 axb5
29.h5 b4 30.Rf3 Ra1 31.Bh7+ Kh8 32.Bd3 Rg1+ 33.Kh2 Rg7 34.Rxg7 Bxg7 35.Bc4 Rf5
36.Kg3 Bd4 37.Rf1 Rf8 38.Re1 Bf2+ 39.Kxf2 Rxf4+ 40.Kg3 Rxc4 41.Re6 Rxc2 42.Rxh6+ Kg7
43.Rxd6 b3  0-1

[Event "Baharov Mem"]
[Site "Borovec BUL"]
[Date "2002.12.04"]
[Round "6"]
[White "Dragiev,V"]
[Black "Spasov,V"]
[Result "1-0"]
[WhiteElo "2455"]
[BlackElo "2591"]

1.e4 d6 2.d4 g6 3.Nc3 Bg7 4.Be3 a6 5.f4 b5 6.Nf3 Bb7 7.Bd3 Nd7 8.e5 e6 9.Ne4 Nb6
10.O-O Ne7 11.c3 O-O 12.Qe2 Ned5 13.Bd2 Qd7 14.Rae1 Rae8 15.Nfg5 h6 16.Nf3 Qd8
17.Qf2 Ne7 18.g4 Bxe4 19.Bxe4 Nbd5 20.Qg3 Qd7 21.Kh1 c5 22.dxc5 dxc5 23.Qh3 Rd8
24.Bc1 Nb6 25.Rg1 Kh7 26.Ref1 Rh8 27.f5 exf5 28.gxf5 Nxf5 29.Bxf5 gxf5 30.Bxh6  1-0

[Event "ch-GRE w"]
[Site "Athens GRE"]
[Date "2002.12.05"]
[Round "8"]
[White "Stiri,A"]
[Black "Makropoulou,M"]
[Result "1/2-1/2"]
[WhiteElo "2170"]
[BlackElo "2272"]

1.e4 g6 2.d4 Bg7 3.Nc3 d6 4.Be3 a6 5.f4 b5 6.Bd3 Bb7 7.a3 Nd7 8.Nf3 Ngf6
9.h3 O-O 10.O-O e6 11.Qe1 c5 12.e5 Nd5 13.Nxd5 Bxd5 14.exd6 c4 15.Be2 Nb6
16.Bd2 Nc8 17.Ba5 Qxd6 18.Bb4 Qxf4 19.Bxf8 Bxf8 20.c3 Nd6 21.Ne5 Qe3+ 22.Qf2 Qxf2+
23.Rxf2 f5 24.a4 Ne4 25.Rff1 Bh6 26.Kh2 Nd2 27.Rfd1 b4 28.a5 bxc3 29.bxc3 Rb8
30.Ra2 Nb1 31.Nd7 Nxc3 32.Nxb8 Nxa2 33.Nxa6 Nc3 34.Nb4 Ba8 35.Bxc4 Nxd1 36.Bxe6+ Kf8
37.Bd5 Bf4+ 38.g3 Bxd5 39.Nxd5 Bb8 40.Nb4 Nc3 41.Nc6 Bc7 42.a6 Bb6 43.a7 Bxa7
44.Nxa7 Ke7 45.Nc6+ Kd6 46.Ne5 Kd5 47.Nd7 Kxd4 48.Nf8 Ne4 49.Nxh7 Ke3 50.Kg2 g5
51.h4 gxh4 52.gxh4 Kf4 53.Nf8 Kg4 54.Ng6 Nf6 55.Kf2 Nd5 56.Kg2 Kh5 57.Ne5 Kxh4
58.Kf3 Kg5 59.Nf7+ Kf6 60.Nd6 f4 61.Ne8+ Kg6 62.Nc7  1/2-1/2

[Event "TCh-BEL 2002-3"]
[Site "Belgium BEL"]
[Date "2002.12.08"]
[Round "4"]
[White "Van Leeuwen,E"]
[Black "Meurrens,P"]
[Result "1/2-1/2"]
[WhiteElo "2152"]
[BlackElo "2233"]

1.e4 g6 2.d4 Bg7 3.Nc3 d6 4.f4 Nc6 5.Be3 Nf6 6.Nf3 O-O 7.Qd2 e5 8.fxe5 dxe5
9.d5 Nd4 10.h3 c6 11.dxc6 Nxc6 12.Qxd8 Rxd8 13.Bc4 h6 14.O-O b6 15.Nh4 Na5
16.Bd3 Be6 17.Rad1  1/2-1/2

[Event "FSIMA Dec"]
[Site "Budapest HUN"]
[Date "2002.12.08"]
[Round "2"]
[White "Dresen,U"]
[Black "Jakab,A"]
[Result "1-0"]
[WhiteElo "2316"]
[BlackElo "2367"]

1.d4 g6 2.e4 Bg7 3.Nc3 d6 4.Be3 Nd7 5.Nf3 e6 6.Qd2 h6 7.a4 Ne7 8.Bd3 a6 9.a5 b5
10.axb6 cxb6 11.Nb5 d5 12.e5 Nf5 13.Bxf5 gxf5 14.Qb4 Nb8 15.Nd6+ Kd7 16.Nxf7 Qf8
17.Nd6 Kc7 18.Nh4 Nc6 19.Qc3 Rg8 20.Ng6 Qd8 21.Nf4 Bd7 22.b4 Bf8 23.b5 axb5
24.Nxb5+ Kb7 25.O-O Na5 26.Nd6+ Bxd6 27.exd6 Nc4 28.Qb4 Qf8 29.Rxa8 Qxa8
30.Nd3 h5 31.Bf4 Qa5 32.Qb3 Qb5 33.Rb1 Qxb3 34.cxb3 Na3 35.Rc1 Nb5 36.Ne5 Rd8
37.Bg5 Rg8 38.h4 Rg7 39.Be7 Be8 40.Nf3 Kb8 41.Bf6 Ra7 42.Be5 Kb7 43.Ng5 Bd7
44.Nh7 Be8 45.Nf6 Bf7 46.Nh7 Be8 47.Kh2 Bc6 48.Nf8 Ra8 49.Nxe6 Rg8 50.f3 Bd7
51.Nf4  1-0

[Event "ch-Balkan"]
[Site "Istanbul TUR"]
[Date "2002.12.11"]
[Round "2"]
[White "Olcayoz,A"]
[Black "Tofan,I"]
[Result "1-0"]
[WhiteElo "2310"]
[BlackElo "2233"]

1.e4 d6 2.d4 g6 3.Nc3 Bg7 4.Nf3 c6 5.a4 Bg4 6.Be2 Nd7 7.O-O Ngf6 8.e5 dxe5
9.Nxe5 Nxe5 10.dxe5 Bxe2 11.Qxd8+ Rxd8 12.exf6 Bxf1 13.fxg7 Rg8 14.Kxf1 f6
15.Be3 a6 16.Ne4 Kf7 17.Bb6 Rd5 18.a5 Kxg7 19.Nc5 Rb8 20.Ke2 Kf7 21.c4 Re5+
22.Kd3 Rf5 23.Ke2 h5 24.Rd1 Ke8 25.Rd3 g5 26.Rh3 g4 27.Rd3 Rg5 28.Re3 Kf7
29.Rd3 Ke8 30.Rb3 h4 31.Kf1 Rf5 32.Ba7 Ra8 33.Bb6 Rb8 34.Rd3 Rg5 35.Rd4 f5
36.Bc7 Rc8 37.Bf4 Rg6 38.b4 h3 39.Nxb7 hxg2+ 40.Kxg2 Re6 41.Nc5 Re1 42.Rd2 e5
43.Nd3 Re4 44.Bg5 f4 45.Nc5 Re1 46.Rd7 f3+ 47.Kg3 Rg1+ 48.Kh4 Rg2 49.Re7+ Kf8
50.Ne6+ Kg8 51.Rg7+ Kh8 52.Bf6 Rxh2+ 53.Kg3 Rg2+ 54.Kh4 Rh2+ 55.Kxg4 Rg2+
56.Kxf3 Rxg7 57.Bxg7+ Kg8 58.Bh6 Kf7 59.Nc5 Rd8 60.Be3 Ra8 61.Ke4 Kf6 62.Nd7+ Ke6
63.Nxe5 Kd6 64.Bb6 Rc8 65.f4 Ke6 66.f5+ Kf6 67.Nd7+ Ke7 68.Nc5 Rh8 69.Nxa6 Rh4+
70.Kd3 Rf4 71.Nc7  1-0

[Event "Salona Rapid 1hr"]
[Site "Solin-Spilt CRO"]
[Date "2002.12.15"]
[Round "7"]
[White "Roschina,T"]
[Black "Sermek,D"]
[Result "0-1"]
[WhiteElo "2265"]
[BlackElo "2590"]

1.e4 g6 2.d4 Bg7 3.Nc3 d6 4.Be3 a6 5.Qd2 Nd7 6.Bd3 b5 7.f3 c5 8.dxc5 Nxc5
9.Nge2 Nf6 10.O-O b4 11.Nd5 Nxd5 12.exd5 Nxd3 13.Qxd3 Qa5 14.Bd4 Bf5 15.Qb3 O-O
16.Bxg7 Kxg7 17.Nd4 Qc5 18.Rad1 Rac8 19.Rf2 Bd7 20.f4 Qc4 21.Qf3 Rc5 22.Nb3 Rb5
23.Rd4 Qc7 24.Qe3 Bf5 25.Rdd2 Re8 26.Qf3 Qc4 27.g4 Be4 28.Qe3 Bxd5 29.f5 Qxg4+
30.Rg2 Bxg2 31.f6+ exf6  0-1

[Event "16th Masters"]
[Site "Clichy FRA"]
[Date "2002.12.20"]
[Round "7"]
[White "Guilbert,H"]
[Black "Foisor,C"]
[Result "0-1"]
[WhiteElo "2145"]
[BlackElo "2408"]

1.e4 g6 2.d4 d6 3.Nc3 Bg7 4.Be3 a6 5.Qd2 b5 6.h4 h5 7.f3 c6 8.Nh3 Bxh3 9.Rxh3 Nf6
10.O-O-O Nbd7 11.Kb1 Qc7 12.Rh1 b4 13.Na4 a5 14.Be2 e6 15.Rhe1 O-O 16.Bh6 c5
17.Bxg7 Kxg7 18.dxc5 Nxc5 19.Nxc5 dxc5 20.Qd6 Rfc8 21.Bc4 Ra7 22.Qxc7 Rcxc7
23.Rd2 Nd7 24.f4 Nf6 25.f5 e5 26.fxg6 fxg6 27.Bd5 Ra6 28.Kc1 Rd6 29.Red1 Rd8
30.b3 Rd6 31.Ba8 Ra6 32.Bd5 Rd6 33.Ba8 Rd4 34.Rf2 Re7 35.Rdf1 Nxe4  0-1

[Event "Christmas Open"]
[Site "Zadar CRO"]
[Date "2002.12.20"]
[Round "7"]
[White "Fercec,N"]
[Black "Kljako,D"]
[Result "1-0"]
[WhiteElo "2504"]
[BlackElo "2263"]

1.e4 g6 2.d4 Bg7 3.Nc3 d6 4.Be3 c6 5.Qd2 Nd7 6.f4 Ngf6 7.Nf3 O-O 8.O-O-O b5
9.Bd3 Nb6 10.e5 Nfd5 11.Nxd5 Nxd5 12.h4 Bg4 13.h5 Bxf3 14.gxf3 Nxe3 15.Qxe3 dxe5
16.dxe5 Qb6 17.Qe2 f5 18.hxg6 hxg6 19.Rhg1 Kf7 20.Qg2 c5 21.Bxf5 gxf5 22.Qxg7+ Ke8
23.Qh7 Qe6 24.Qh5+ Qf7 25.Rg6  1-0

[Event "AIG Life rapid"]
[Site "Warsaw POL"]
[Date "2002.12.21"]
[Round "3"]
[White "Gaponenko,I"]
[Black "Chernin,A"]
[Result "0-1"]
[WhiteElo "2411"]
[BlackElo "2573"]

1.e4 g6 2.d4 Bg7 3.Nc3 d6 4.f4 a6 5.Nf3 b5 6.Bd3 Nd7 7.a4 b4 8.Na2 Rb8 9.c3 bxc3
10.bxc3 c5 11.O-O Ngf6 12.e5 Nd5 13.exd6 cxd4 14.dxe7 Nxe7 15.cxd4 O-O 16.Ba3 Re8
17.Nc3 Bb7 18.Kh1 Nf6 19.Bxe7 Rxe7 20.f5 Rc8 21.Qb3 Qa5 22.Ne2 Bd5 23.Qd1 Ng4
24.fxg6 hxg6 25.Qe1 Qxe1 26.Nxe1 Rce8 27.h3 Ne3 28.Rf2 Nf5 29.Nc2 Rxe2 30.Bxe2 Ng3+
31.Kh2 Nxe2 32.Re1 Bc4 33.g4 Kf8 34.Nb4 Bxd4  0-1

[Event "XVIII Winter Open"]
[Site "Nice FRA"]
[Date "2002.12.26"]
[Round "1"]
[White "Milesi,L"]
[Black "Sulava,N"]
[Result "1-0"]
[WhiteElo "2170"]
[BlackElo "2551"]

1.e4 g6 2.d4 Bg7 3.Nc3 d6 4.Bc4 e6 5.Be3 a6 6.a4 Nf6 7.Bb3 O-O 8.f3 Nc6 9.Nge2 b6
10.Qd2 Bb7 11.g4 Na5 12.h4 c5 13.h5 d5 14.e5 Nd7 15.Bh6 Qe7 16.O-O-O Rfc8
17.Kb1 Nf8 18.Bxg7 Kxg7 19.f4 Kh8 20.hxg6 fxg6 21.f5 Nc4 22.Qc1 b5 23.Nf4 exf5
24.gxf5 gxf5 25.Rh6 cxd4 26.Ncxd5 Bxd5 27.Nxd5 Qxe5 28.Nf6 d3 29.Rg1 Qe6
30.Qg5 dxc2+ 31.Kc1  1-0

[Event "26th Christmas Open Masters"]
[Site "Zurich SUI"]
[Date "2002.12.27"]
[Round "2"]
[White "Delchev,A"]
[Black "Hugentobler,P"]
[Result "0-1"]
[WhiteElo "2560"]
[BlackElo "2271"]

1.e4 g6 2.d4 d6 3.Nc3 Bg7 4.Bg5 Nd7 5.Qd2 a6 6.f4 c5 7.Nf3 b5 8.Nd5 Bb7 9.c3 cxd4
10.Nxd4 Ngf6 11.Bxf6 Nxf6 12.Nxf6+ Bxf6 13.Bd3 b4 14.Ne2 bxc3 15.Nxc3 Qb6
16.Rc1 O-O 17.Na4 Qa7 18.Ke2 Bc8 19.h3 Bd7 20.Nc3 e6 21.Rc2 Rab8 22.Rhc1 Rfc8
23.Nd1 Rxc2 24.Rxc2 Qg1 25.Kf3 a5 26.Ne3 Bd4 27.Nc4 d5 28.Ne5 Bxe5 29.fxe5 Qd4
30.exd5 Qxe5 31.Qxa5 Bb5 32.Qc3 Qxd5+ 33.Be4 Qxa2 34.Qa3 Qxa3+ 35.bxa3 f5  0-1

[Event "XVIII Winter Open"]
[Site "Nice FRA"]
[Date "2002.12.28"]
[Round "4"]
[White "Ribreau,H"]
[Black "Sulava,N"]
[Result "0-1"]
[WhiteElo "2177"]
[BlackElo "2551"]

1.e4 g6 2.d4 Bg7 3.Nc3 d6 4.g3 Nc6 5.Nge2 Bg4 6.Be3 h5 7.Bg2 h4 8.Rg1 hxg3
9.hxg3 Bxe2 10.Nxe2 Nf6 11.f3 Nd7 12.Qd2 Nb6 13.b3 Qd7 14.c3 e5 15.d5 Ne7
16.a4 c5 17.dxc6 bxc6 18.a5 Nbc8 19.Rd1 Qe6 20.c4 Rb8 21.Qd3 f5 22.f4 O-O
23.exf5 gxf5 24.fxe5 dxe5 25.Bc5 Rf7 26.Qd8+ Bf8 27.Rd6 Nxd6 28.Qxb8 Ndc8
29.Bxa7 Nxa7 30.Qxa7 Nc8 31.Qe3 Bb4+ 32.Kf1 Qd6 33.Qc1 Bc5 34.Rh1 f4 35.gxf4 Qd3
36.Rh3 Rxf4+ 37.Bf3 Rxf3+ 38.Rxf3 Qxf3+ 39.Ke1  0-1

[Event "Open A"]
[Site "Bethune FRA"]
[Date "2002.12.29"]
[Round "6"]
[White "Jossien,R"]
[Black "Safranska,A"]
[Result "1-0"]
[WhiteElo "2181"]
[BlackElo "2312"]

1.Nc3 g6 2.e4 Bg7 3.d4 d6 4.f4 a6 5.Nf3 b5 6.Be3 Bb7 7.Bd3 Nd7 8.e5 e6 9.Ne4 Nb6
10.O-O Ne7 11.c3 Qd7 12.Qe1 Nf5 13.Bd2 h5 14.Nh4 Qe7 15.Ng5 Bd5 16.b3 Rd8
17.Nxf5 gxf5 18.Qe2 Bb7 19.Rae1 dxe5 20.fxe5 h4 21.Bxf5 exf5 22.e6 f6 23.Nf7 Rh7
24.Rxf5 Rd5 25.Qd3 Rh8 26.Rxd5 Nxd5 27.c4 bxc4 28.bxc4 f5 29.Nxh8 Bxh8 30.cxd5 Bxd5
31.Qxf5 Bxd4+ 32.Kh1 c6 33.Qg6+  1-0

[Event "35th Open"]
[Site "Trinec CZE"]
[Date "2002.12.29"]
[Round "2"]
[White "Szwed,J"]
[Black "Kantorik,M"]
[Result "0-1"]
[WhiteElo "2024"]
[BlackElo "2364"]

1.e4 g6 2.d4 Bg7 3.Nc3 d6 4.Nf3 Nd7 5.Bc4 e6 6.Bg5 Ne7 7.Qd2 h6 8.Be3 a6
9.a4 b6 10.O-O Bb7 11.Rad1 g5 12.h4 g4 13.Nh2 h5 14.f4 d5 15.Bd3 c5 16.e5 c4
17.f5 cxd3 18.f6 Bxf6 19.exf6 Nf5 20.Qxd3 Qc7 21.Bg5 O-O-O 22.Na2 Qc4 23.b3 Qxd3
24.Rxd3 Kb8 25.Re1 Rc8 26.c3 Rhg8 27.Nf1 Rg6 28.Ng3 Nxg3 29.Rxg3 Nxf6 30.Bxf6 Rxf6
31.Rf1 Rxf1+ 32.Kxf1 Kc7 33.Re3 a5 34.Re5 Ba6+ 35.Ke1 Rh8 36.Nc1 Kd6 37.Rg5 Ke7
38.Ne2 Bxe2 39.Kxe2 Rh6 40.Kf2 Rf6+ 41.Ke2 Rf4 42.Rg8 g3 43.Rxg3 Rxh4 44.Kd3 f5
45.c4 Kd6 46.Rf3 Rh1 47.Rg3 dxc4+ 48.Kxc4 Kc6 49.Re3 Rc1+ 50.Kd3 Kd6 51.Re5 Rg1
52.Re2 Rc1 53.Re5 h4 54.Rb5 Kc7 55.Re5 Kd6 56.Rb5 Rc6 57.Re5 Ke7 58.Re3 Kf6
59.Rh3 Kg5 60.g3 Kg4 61.Rxh4+ Kxg3 62.Rh6 Rd6 63.Ke3 Kg4 64.Rh8 Kg5 65.Rg8+ Kf6
66.Rf8+ Ke7 67.Rb8 Kd7 68.Rb7+ Kc6 69.Re7 Kd5 70.Rc7 Rd8 71.Rb7 Rh8 72.Rxb6 Rh3+
73.Kf4 Rh4+ 74.Ke3 Re4+ 75.Kf2 Rxd4 76.Rb5+ Ke4 77.Rxa5 Rb4 78.Ra6 e5 79.Rh6 Rxb3
80.a5 f4 81.Ke2  0-1

[Event "35th Open"]
[Site "Trinec CZE"]
[Date "2002.12.29"]
[Round "3"]
[White "Zawadzki,S"]
[Black "Kantorik,M"]
[Result "1-0"]
[WhiteElo "2378"]
[BlackElo "2364"]

1.e4 g6 2.d4 Bg7 3.Nc3 d6 4.f4 Nd7 5.Nf3 e6 6.Be3 Ne7 7.Bd3 a6 8.Qe2 c5 9.dxc5 Nxc5
10.O-O O-O 11.Rad1 Qc7 12.Qf2 b5 13.e5 Nxd3 14.Rxd3 dxe5 15.fxe5 Bb7 16.Bb6 Qc6
17.Bc5 Rfe8 18.b4 Nf5 19.g4 Ne7 20.Qh4 Bxe5 21.Nd5 Nf5 22.Nxe5 exd5 23.Rxf5 Rxe5
24.Rxe5 d4 25.Qg3 a5 26.Rxd4 axb4 27.Rd2 Kg7 28.Bd4 f6 29.Re7+ Kf8 30.Rc7 Qh1+
31.Kf2 Re8 32.Re2 Rd8 33.Bc5+ Kg8 34.Qh3 h6 35.g5 f5 36.Rg7+ Kxg7 37.Qxh6+ Kg8
38.Qxg6+ Kh8 39.Bd4+  1-0

[Event "11th Donau Open"]
[Site "Aschach AUT"]
[Date "2002.12.30"]
[Round "6"]
[White "Obran,H"]
[Black "Roth,Pe"]
[Result "1/2-1/2"]
[WhiteElo "2116"]
[BlackElo "2323"]

1.d4 g6 2.e4 Bg7 3.Nc3 d6 4.f4 Nf6 5.Bd3 O-O 6.Nf3 Na6 7.O-O c5 8.e5 Nd7
9.Be3 cxd4 10.Bxd4 dxe5 11.fxe5 Ndc5 12.Qe2 Nxd3 13.cxd3 Be6 14.Qf2 Nb4 15.Rad1 Nc6
16.Be3 Nxe5 17.Nxe5 Bxe5 18.d4 Bg7 19.d5 Bg4 20.Rd2 b6 21.Qh4 Bd7 22.Ne4 Bf5
23.Ng3 e6 24.Bg5 f6 25.Be3 Qe7 26.d6 Qd7 27.Nxf5 exf5 28.Qc4+ Kh8 29.Qc7 Rf7
30.Rc1 Bf8 31.Bd4 Bh6 32.Bxf6+ Kg8 33.Rdd1 Bxc1 34.Rxc1 Qxc7 35.dxc7 Rxf6
36.c8=Q+ Rxc8 37.Rxc8+ Rf8 38.Rc7 Rf7 39.Rc8+ Kg7 40.Kf2 Re7  1/2-1/2

[Event "11th Donau Open"]
[Site "Aschach AUT"]
[Date "2002.12.30"]
[Round "6"]
[White "Hiermann,D"]
[Black "Dumancic,P"]
[Result "1-0"]
[WhiteElo "2240"]
[BlackElo "2175"]

1.e4 g6 2.d4 d6 3.Nc3 Bg7 4.Be3 Nf6 5.f3 O-O 6.Qd2 e5 7.d5 c6 8.O-O-O c5
9.g4 a6 10.Bh6 b5 11.h4 Ne8 12.Be3 b4 13.Nce2 a5 14.h5 a4 15.c4 bxc3 16.Nxc3 a3
17.b3 Na6 18.g5 Nb4 19.Qh2 f5 20.Bb5 Bd7 21.hxg6 hxg6 22.Qh7+ Kf7 23.Rh6 Rh8
24.Qxg6+ Kg8 25.Rxh8+ Kxh8 26.Qf7  1-0

[Event "38th Junior"]
[Site "Hallsberg SWE"]
[Date "2002.12.31"]
[Round "4"]
[White "Kanep,M"]
[Black "Szabo,G ROM"]
[Result "1/2-1/2"]
[WhiteElo "2389"]
[BlackElo "2376"]

1.d4 g6 2.e4 d6 3.Nc3 Bg7 4.Be3 a6 5.Qd2 Nd7 6.Bc4 b5 7.Bb3 Bb7 8.Nf3 e6
9.d5 e5 10.a4 b4 11.Ne2 a5 12.c3 bxc3 13.Nxc3 Ngf6 14.h3 Ba6 15.Bc2 O-O 16.Nb5 Nh5
17.O-O f5 18.Bg5 Qc8 19.exf5 gxf5 20.Rfc1 Nc5 21.Be7 Rf7 22.Bxd6 cxd6 23.Nxd6 Qf8
24.Nxf7 Qxf7 25.Ng5 Qg6 26.g3 Bf6 27.Ne6 Nxe6 28.dxe6 Nf4 29.Kh2 Nxh3 30.e7 Nf4
31.Qd7 Qh5+ 32.Kg1 Ne2+ 33.Kg2 Nf4+  1/2-1/2

[Event "5th It"]
[Site "Ramat-Aviv ISR"]
[Date "2002.12.31"]
[Round "7"]
[White "Shevelev,D"]
[Black "Tseitlin,Ma"]
[Result "1-0"]
[WhiteElo "2323"]
[BlackElo "2472"]

1.e4 g6 2.d4 Bg7 3.Nc3 d6 4.g3 Nc6 5.Be3 Nf6 6.h3 O-O 7.Bg2 e5 8.Nge2 b5
9.d5 b4 10.dxc6 bxc3 11.Nxc3 Qe8 12.Nd5 Nxd5 13.exd5 f5 14.Bd2 f4 15.Be4 Rb8
16.b3 f3 17.Be3 a5 18.Rb1 Qf7 19.g4 a4 20.Rg1 Qe7 21.Rg3 Rf4 22.Qd3 axb3
23.axb3 Ra8 24.Rxf3 Qf6 25.Bc1 Ra2 26.Bb2 Ba6 27.c4 Rxf3 28.Qxf3 Qg5 29.Qe3 Qh4
30.Qg3 Qd8 31.Bc1 Qb8 32.Kf1 Qb4 33.Qe3 Bf6 34.g5 Be7 35.Qe1 Qb8 36.Be3 Bc8
37.Bg2 Bf5 38.Ra1 Qxb3 39.Rxa2 Qxa2 40.Kg1 e4 41.Qc3 Bf8 42.Bd4 h6 43.h4 hxg5
44.hxg5 Qe2 45.Bf6 Qd1+ 46.Kh2 Qh5+ 47.Bh3 Qe2 48.Qe3 Qh5 49.Kg2 Bg7 50.Bxf5 gxf5
51.Qh3 Qg6 52.Bxg7 Qxg7 53.Qh6 Qc3 54.Qg6+ Kf8 55.Qxf5+ Kg7 56.Qf6+ Qxf6
57.gxf6+ Kxf6 58.Kg3 Kf5 59.Kh3 Kf4 60.Kh4 Kf3 61.c5 Kxf2 62.cxd6 e3 63.dxc7 e2
64.c8=Q e1=Q 65.Qf5+ Ke3+ 66.Kg5 Qg3+ 67.Kf6 Kd4 68.Ke6 Qg8+ 69.Ke7 Qg7+
70.Qf7 Qe5+ 71.Kd7 Qb8 72.c7 Qb5+ 73.Kd8 Qa5 74.d6 Qg5+ 75.Kc8 Qg2 76.Qf6+ Kc5
77.Kb8  1-0

[Event "TCh-NOR Qualifier"]
[Site "NOR"]
[Date "2002.??.??"]
[Round "2"]
[White "Manne,P"]
[Black "Hjertenes,O"]
[Result "1/2-1/2"]
[WhiteElo "2338"]
[BlackElo "2250"]

1.d4 d6 2.e4 g6 3.Nc3 Bg7 4.Be3 c6 5.Qd2 Qc7 6.f3 Nd7 7.h4 h5 8.Nh3 Ngf6
9.O-O-O b5 10.Bd3 a6 11.Ng5 Bb7 12.Kb1 Rc8 13.e5 dxe5 14.dxe5 Nxe5 15.Bf4 O-O
16.g4 hxg4 17.h5 Nxh5 18.Rxh5 gxh5 19.Qh2 Rfd8 20.Qxh5 e6 21.Re1 Rd7 22.Rxe5 Bxe5
23.Nxe6 fxe6 24.Bxe5 Rh7 25.Qxg4+ Rg7 26.Bxg7 Qxg7 27.Qxe6+ Qf7 28.Qg4+ Qg7
29.Qe6+ Qf7 30.Qg4+ Qg7  1/2-1/2

[Event "TCh-NOR Qualifier"]
[Site "NOR"]
[Date "2002.??.??"]
[Round "5"]
[White "Karlsen,T"]
[Black "Hjertenes,O"]
[Result "1/2-1/2"]
[WhiteElo "2117"]
[BlackElo "2250"]

1.e4 d6 2.Nc3 g6 3.d4 Bg7 4.Be3 Nd7 5.Qd2 c6 6.Nf3 Qa5 7.Bd3 Ngf6 8.h3 O-O
9.O-O Re8 10.a4 e5 11.Rab1 exd4 12.Nxd4 Qb4 13.Nb3 Nc5 14.Nxc5 dxc5 15.b3 Be6
16.Rfd1 Rad8 17.Ne2 Qxd2 18.Rxd2 b6 19.Rbd1 Bc8 20.Ng3 Rd7 21.Bc4 Red8 22.Rxd7 Rxd7
23.Rxd7 Bxd7 24.Bf4 b5 25.Bd3 Ne8 26.Be3 bxa4 27.bxa4 Bd4 28.Bf4 Bc3 29.Ne2 Ba5
30.Bb8 Bb6 31.a5 Bxa5 32.Bxa7 Bb4 33.Nc1 Be6 34.Be2 Nd6 35.f3 Nb5 36.Bxb5 cxb5
37.Nd3 Bc4 38.Ne5 Be6 39.Nd3 Bc4 40.Nb2 Be6 41.Nd3 Bc4 42.Nxc5 Bxc5+ 43.Bxc5 f6
44.Kf2 Kf7 45.g3 Ke6 46.Ke3 Bf1 47.h4 Bc4 48.g4 Bf1 49.f4 Bc4 50.f5+ gxf5
51.gxf5+ Kf7 52.h5 Bf1 53.Kd4 Be2 54.h6 Bd1 55.Kd3 Bf3 56.Bb6 Bg4 57.Bd8 Bd1  1/2-1/2

[Event "35th Open"]
[Site "Trinec CZE"]
[Date "2003.01.03"]
[Round "8"]
[White "Kislov,M"]
[Black "Kantorik,M"]
[Result "0-1"]
[WhiteElo "2377"]
[BlackElo "2364"]

1.e4 g6 2.d4 Bg7 3.Nc3 d6 4.Be3 Nd7 5.Nge2 e6 6.Qd2 a6 7.h4 b5 8.h5 Bb7 9.f3 Ne7
10.g4 Rg8 11.hxg6 hxg6 12.Bg2 c6 13.Bg5 f6 14.Bf4 Qc7 15.O-O-O O-O-O 16.d5 cxd5
17.exd5 Nxd5 18.Nxd5 Bxd5 19.a4 bxa4 20.Nc3 Nb6 21.Qd3 Bc4 22.Qxg6 a3 23.Kb1 Nd5
24.Nxd5 Bxd5 25.Qd3 axb2 26.Qxa6+ Kd7 27.Qb5+ Qc6 28.Qxc6+ Kxc6 29.Kxb2 f5+
30.Kc1 fxg4 31.Rxd5 Kxd5 32.fxg4+ Kc5 33.g5 Rdf8 34.Rh4 d5 35.Rg4 Bc3 36.Kd1 e5
37.Be3+ Kd6 38.Rg3 e4 39.Bc1 Be5 40.Rg4 Ra8 41.c4 Ra1 42.Kd2 e3+  0-1

[Event "ch-NZL"]
[Site "Wanganui NZL"]
[Date "2003.01.03"]
[Round "3"]
[White "Ker,A"]
[Black "Wohl,A"]
[Result "1/2-1/2"]
[WhiteElo "2336"]
[BlackElo "2414"]

1.e4 g6 2.d4 Bg7 3.Nc3 d6 4.Bg5 a6 5.Qd2 Nd7 6.a4 c5 7.d5 Qb6 8.Ra2 Ngf6
9.f4 O-O 10.Nf3 Re8 11.Be2 e6 12.O-O exd5 13.exd5 Ng4 14.Kh1 Ndf6 15.a5 Qc7
16.f5 Bxf5 17.h3 Ne5 18.Nxe5 Rxe5 19.Bxf6 Bxf6 20.g4 Bg5 21.Qd1 Be4+ 22.Nxe4 Rxe4
23.Bf3 Re5 24.Re1 Be3 25.Ra3 Rae8 26.Re2 Qe7 27.Ra1 Qh4 28.Qf1 f5 29.Rae1 Bd2
30.Rxe5 dxe5 31.Rd1 e4 32.Be2 e3 33.gxf5 Rf8 34.Bg4 h5 35.Bf3 Rxf5 36.d6 Qd4
37.Qg2 Qxd6 38.Bxb7 Kg7 39.Bf3 Qf4 40.Be2 Rg5 41.Qb7+ Kh6 42.Rf1 Qg3 43.Qf3 Qxf3+
44.Rxf3 Re5 45.Rf6 Bxa5 46.Rxa6 Be1 47.Kg2 Rg5+ 48.Kf1 Bg3 49.Bd3 Be5 50.Re6 Bxb2
51.Rxe3 Bd4 52.Re6 Kg7 53.Ke2 Rg3 54.Rc6 h4 55.Ke1 g5 56.Bf5 Re3+ 57.Kd2 Rf3
58.Bg4 Rf4 59.Ke2 Kf7 60.Bh5+ Ke7 61.Bg4 Re4+ 62.Kd3 Re3+ 63.Kd2 Re4 64.Kd3 Rf4
65.c3 Bg1 66.Rg6 c4+ 67.Kc2 Rxg4 68.hxg4 Be3 69.Kd1 Bf4 70.Rh6 Be5 71.Ke2 Bxc3
72.Rc6 Be5 73.Rxc4 h3 74.Kf3 Bf4 75.Rc6 Bd6 76.Rc8 Be5 77.Rc6 Bd6 78.Rc8  1/2-1/2

[Event "9th Open"]
[Site "Bosnjaci CRO"]
[Date "2003.01.05"]
[Round "4"]
[White "Stevic,H"]
[Black "Martic,Z"]
[Result "1-0"]
[WhiteElo "2530"]
[BlackElo "2253"]

1.e4 g6 2.d4 Bg7 3.Nc3 d6 4.Bg5 Nc6 5.Nge2 Nf6 6.f3 O-O 7.Qd2 e5 8.O-O-O exd4
9.Nxd4 Nxd4 10.Qxd4 h6 11.Bh4 g5 12.Be1 Be6 13.Qf2 Qe7 14.g4 c6 15.h4 Nd7
16.hxg5 hxg5 17.Qh2 Rfe8 18.Ne2 Ne5 19.Bc3 b5 20.Nd4 Qb7 21.b3 b4 22.Bb2 d5
23.Nxc6 Qxc6 24.Bxe5 f6 25.exd5 Bxd5 26.Rxd5 Qxd5 27.Bc4 Rxe5 28.Bxd5+ Rxd5
29.Qh7+ Kf8 30.Qe4 Rad8 31.Qxb4+ Kf7 32.Re1 Bf8 33.Qa4 Bc5 34.Kb1 Bf2 35.Rh1 Bd4
36.Rd1  1-0